Ngô Tất Tố toàn tập T.1.
Tập văn, thơ và thơ dịch; Khảo cứu và phê bình...
Wedi'i Gadw mewn:
| Fformat: | Llyfr |
|---|---|
| Iaith: | Vietnamese |
| Cyhoeddwyd: |
Hà Nội :
Văn học,
1996.
|
| Pynciau: | |
| Tagiau: |
Ychwanegu Tag
Dim Tagiau, Byddwch y cyntaf i dagio'r cofnod hwn!
|
| Thư viện lưu trữ: | Mạng thư viện Đại học Đà Nẵng |
|---|
| LEADER | 00935cam a2200349 i 4500 | ||
|---|---|---|---|
| 001 | 000043194 | ||
| 003 | 1069 | ||
| 005 | 20041029142735.0 | ||
| 008 | 010302b1996 vm 000 vie | ||
| 022 | |a T | ||
| 040 | |a IRC |c IRC |d IRC | ||
| 041 | 0 | |a vie | |
| 082 | 1 | 4 | |a 895.9283 |b Ng-T |
| 245 | 0 | 0 | |a Ngô Tất Tố toàn tập |n T.1. |
| 260 | |a Hà Nội : |b Văn học, |c 1996. | ||
| 300 | |a 661 tr. ; |c 20,5 cm. | ||
| 520 | 3 | |a Tập văn, thơ và thơ dịch; Khảo cứu và phê bình... | |
| 600 | 1 | 4 | |a Ngô Tất Tố, |d 1894-1954. |
| 630 | 0 | 4 | |a Ngô Tất Tố. |
| 630 | 0 | 4 | |a Văn học Việt. |
| 650 | 0 | 4 | |a Ngô Tất Tố, |d 1894-1954 |x Toàn tập. |
| 650 | 0 | 4 | |a Văn học Việt. |
| OWN | |a DUT | ||
| 999 | |a From the UDN01 | ||
| TYP | |a Monograph | ||
| TYP | |a Printed language | ||
| 980 | |a Mạng thư viện Đại học Đà Nẵng | ||